The unseen war : allied air power and the takedown of Saddam Hussein (Record no. 444968)

000 -LEADER
fixed length control field 00482cam a22001457a 4500
008 - FIXED-LENGTH DATA ELEMENTS--GENERAL INFORMATION
fixed length control field 180718b2013 xxu||||| |||| 00| 0 eng d
020 ## - INTERNATIONAL STANDARD BOOK NUMBER
International Standard Book Number 9781612513119
082 ## - DEWEY DECIMAL CLASSIFICATION NUMBER
Classification number Dx73 L172
100 ## - MAIN ENTRY--PERSONAL NAME
Personal name Lambeth, Bejamin S.
245 ## - TITLE STATEMENT
Title The unseen war : allied air power and the takedown of Saddam Hussein
Statement of responsibility, etc. by Bejamin S. Lambeth
260 ## - PUBLICATION, DISTRIBUTION, ETC.
Place of publication, distribution, etc. Maryland
Name of publisher, distributor, etc. Naval Institute Press
Date of publication, distribution, etc. 2013
300 ## - PHYSICAL DESCRIPTION
Extent 435p.
650 ## - SUBJECT ADDED ENTRY--TOPICAL TERM
Topical term or geographic name entry element United States - Central commands - History
650 ## - SUBJECT ADDED ENTRY--TOPICAL TERM
Topical term or geographic name entry element Iraq war, 2003-2011
Holdings
Withdrawn status Lost status Damaged status Not for loan Permanent Location Current Location Date acquired Full call number Barcode Date last seen Price effective from Koha item type
        Indian Institute of Public Administration Indian Institute of Public Administration 2015-09-30 Dx73 L172 86343 2018-07-21 2018-07-21 Book

Powered by Koha